000 00649nam a2200241Ia 4500
003 OSt
005 20221007101419.0
006 a|||||r|||| 00| 0
007 ta
008 221006b |||||||| |||| 00| 0 eng d
024 _a6,417
037 _cTextual
040 _aLCO
_cLCO
_beng
041 _2eng
_aeng
082 _aZ3,5112, L0
100 _aAltick R.D.
_9702955
245 0 _aVictorian Studies in Scarlet
260 _aNew
_bYork W. W. Norton & Company Inc. U.S.A.
_c1970
300 _a336
650 _aVICTORIAN STUDIES IN SCARLET
_9702956
942 _hZ3,5112, L0
_cTEXL
999 _c1175980
_d1175980